Loading...
| Fine Arts - Other Fine Arts | 0 | 2 | 0 | 1 | 20 | 66 | 108.00 | 0 | 1 |
| History - European History | 0 | 2 | 0 | 2 | 20 | 121 | 126.00 | 0 | 0 |
| Literature - European Literature | 0 | 2 | 0 | 0 | 20 | 100 | 114.00 | 1 | 1 |
| Science - Biology | 0 | 2 | 0 | 0 | 20 | 27 | 51.00 | 1 | 1 |
| Science - Other Science | 0 | 2 | 0 | 1 | 20 | 102 | 107.00 | 0 | 0 |
| Geography/Current Events | 0 | 1 | 0 | 1 | 10 | 130 | 130.00 | 0 | 1 |
| Fine Arts - Visual Fine Arts | 0 | 1 | 0 | 1 | 10 | 124 | 124.00 | 0 | 0 |
| History - American History | 0 | 1 | 1 | 0 | 5 | 63 | 63.00 | 1 | 1 |
| Literature - World/Other Literature | 0 | 0 | 0 | 0 | 0 | 0.00 | 0 | 0 | |
| History - World History | 0 | 0 | 0 | 0 | 0 | 0.00 | 0 | 0 | |
| History - Other History | 0 | 1 | 2 | 1 | 0 | 122 | 122.00 | 0 | 0 |
| Literature - British Literature | 0 | 0 | 1 | 0 | -5 | 0.00 | 0 | 0 | |
| Science - Chemistry | 0 | 0 | 1 | 0 | -5 | 0.00 | 0 | 0 |